00798 a2200193 45000010006000000050017000060080041000230030015000640400040000790800084001192450039002032640035002423000019002775050235002960410008005311000020005397000021005597000024005805381920260407155809.0260407a1973 arg spa dAR-UNSa-BCEJYS aAR-UNSa-BCEJYSbspacAR-UNSa-BCEJYS a338.1xSituación económica. Ciclos. Desarrollo de la estructura económica10aLos ciclos económicos argentinos 1aBuenos Aires :bPaidósc1973 a365 p.c22 cm. a1. Fluctuaciones cíclicas durante el período de preacondicionamiento 1876-1913 - 2. Fluctuaciones cíclicas durante la Demora 1914-1933 - 3. Fluctuaciones cíclicas durante el período de crecimiento autogenerado 1933-1952 aspa1 aDi Tella, Guido1 aZymelman, Manuel1 aPetrecolla, Alberto